| 000 | 00568pam a2200217 a 4500 | ||
|---|---|---|---|
| 020 | _c | ||
| 040 | _aMedical College Libr | ||
| 041 |
_aENG _hENG |
||
| 082 |
_a616.07 _bCHA |
||
| 100 | _aChakravarti, G. . | ||
| 245 |
_aA Hand Book of Cliunical Pathology / _c _hTextual Documents |
||
| 250 |
_a3rd / _b. |
||
| 260 |
_aColkotta : _bAcademic Pub , _c1996. |
||
| 300 |
_a134 ; _c |
||
| 365 | _a120=00 | ||
| 653 |
_aPathology _aMedical Science |
||
| 700 | _aBhattacharya, K. . | ||
| 930 | _a3329 | ||
| 999 |
_c3328 _d3328 |
||